000 00726nam a2200301Ia 4500
005 20250425161844.0
008 250425s9999 xx 000 0 und d
020 _a9688806854
041 _aspa
043 _amx
082 _a658
100 _aSTONER, JAMES A.F.
245 0 _aADMINISTRACION
250 _a6A ED.
260 _aMéxico
_bPEARSON EDUCACION S.A.
_c1950
260 _aS.L.
300 _a688
500 _aTítulo Traducido: MANAGEMENT
650 _aADMINISTRACION
650 _aCONTROL
650 _aDIRECCION
650 _aORGANIZACION
650 _aPLANIFICACION
700 _aPILAR MASCARO SACRISTAN
_etraductor
710 _aPEARSON EDUCACION S.A.
942 _c01
010 _a32535
999 _c217521
_d217521